000 00848nam a2200229 a 4500
001 80015
003 BD-RjUL
005 20220621153514.0
008 220621s2018 bg ||||| |||| 00| 0 ben d
020 _a9847000003584
035 _a(BD-RjUL)80015
040 _aBD-RjUL
_beng
_cBD-RjUL
041 _aben
082 _223
_a891.4408
_bBEM 2018
100 _aবেগম, হাসনা
_91502
245 _aমহীয়সী বারাঙ্গনা এবং অন্যান্য /
_cহাসনা বেগম
260 _aঢাকা :
_bজাতীয় সাহিত্য প্রকাশ,
_c২০১৮
300 _a৮৮ পৃ.;
_c২২ সেমি.
650 _aবাংলা সাহিত্য
_xসংগ্রহ
_93206
650 _aBengali Literature
_xCollected works
_93190
942 _2ddc
_cBK
999 _c80015
_d80015